Journal of environmental science & resource management (Record no. 38398)
[ view plain ]
| 000 -LEADER | |
|---|---|
| fixed length control field | 00465nam a2200169Ia 4500 |
| 022 ## - INTERNATIONAL STANDARD SERIAL NUMBER | |
| ISSN | 22770097 |
| 050 ## - CALL MARK | |
| Classification number | GE 180 .J68/ |
| 245 #0 - TITLE STATEMENT | |
| Title | Journal of environmental science & resource management |
| 260 ## - PUBLICATION, DISTRIBUTION, ETC. (IMPRINT) | |
| Place of publication | Lagos, Nigeria |
| 260 ## - PUBLICATION, DISTRIBUTION, ETC. (IMPRINT) | |
| Name of publisher | Cenrsin publications |
| 260 ## - PUBLICATION, DISTRIBUTION, ETC. (IMPRINT) | |
| Year of publication | 2019 |
| 300 ## - PHYSICAL DESCRIPTION | |
| Number of Pages | viii, 70 p. :ill. ; 28 cm. |
| 650 ## - SUBJECT ADDED ENTRY--TOPICAL TERM | |
| Topical Term | Environmental resource management |
| 942 ## - ADDED ENTRY ELEMENTS (KOHA) | |
| Koha item type | Serials |
No items available.